01327nam a2200325 a 4500001001200000003000800012006001900020007001500039008004100054020001800095020002700113040002100140035002100161050002400182245017200206250001200378260003100390300001500421490006800436504004100504533015200545650001200697655002900709700002300738700002000761700002000781710001700801830005700818856012600875ebr10695998CaPaEBRm u cr cn|||||||||130513s2013 enk sb 000 0 eng d z9781781907689 z9781781907696 (e-book) aCaPaEBRcCaPaEBR a(OCoLC)84441795414aBJ1012b.E84 2013eb00aEthics, values and civil societyh[electronic resource] /cedited by Michael Schwartz, Howard Harris ; with guest editor for the 2012 conference papers, Stephen Cohen. a1st ed. aBingley :bEmerald,c2013. axx, 169 p.1 aResearch in ethical issues in organizations,x1529-2096 ;vv. 9 aIncludes bibliographical references. aElectronic reproduction.bPalo Alto, Calif. :cebrary,d2013.nAvailable via World Wide Web.nAccess may be limited to ebrary affiliated libraries. 0aEthics. 7aElectronic books.2local1 aSchwartz, Michael.1 aHarris, Howard.1 aCohen, Stephen.2 aebrary, Inc. 0aResearch in ethical issues in organizations ;vv. 9.40uhttp://site.ebrary.com/lib/rucke/Doc?id=10695998zAn electronic book accessible through the World Wide Web; click to view